Discover the alchemist within: (Record no. 159387)

MARC details
000 -LEADER
fixed length control field 00812nam a22002177a 4500
005 - DATE AND TIME OF LATEST TRANSACTION
control field 20181215144934.0
010 ## - LCCN (DPL NO)
LC control number ENG-124543
020 ## - INTERNATIONAL STANDARD BOOK NUMBER
Terms of availability 495.00
International Standard Book Number 9789352808502
035 ## - SYSTEM CONTROL NUMBER
System control number EN-108075
037 ## - SOURCE OF ACQUISITION
Source of stock number/acquisition DBAD/PUB.
082 ## - DEWEY DECIMAL CLASSIFICATION NUMBER
Classification number 155.2
100 ## - MAIN ENTRY--PERSONAL NAME
Personal name Kartikeyan V.
245 ## - TITLE STATEMENT
Title Discover the alchemist within:
Statement of responsibility, etc by Kartikeyan V.; Rachna Nandakumar [and] Vishwanath P.
Remainder of title taking the first step towards personal growth /
260 ## - PUBLICATION, DISTRIBUTION, ETC. (IMPRINT)
Place of publication, distribution, etc New Delhi
Name of publisher, distributor, etc Sage Publications India Pvt. Ltd.
Date of publication, distribution, etc 2018
270 ## - ADDRESS
Address B1/I-1, Mohan Cooperative Industrial Area Mathura Road Post Bag 7
City New Delhi
Postal code 110044
300 ## - PHYSICAL DESCRIPTION
Extent xvii,242p.
Dimensions 21cm.(pbk)
Other physical details ill.picture
500 ## - GENERAL NOTE
General note It includes bibliography and about the author
700 ## - ADDED ENTRY--PERSONAL NAME
Personal name Rachna Nandakumar
700 ## - ADDED ENTRY--PERSONAL NAME
Personal name Vishwanath P.
942 ## - ADDED ENTRY ELEMENTS (KOHA)
Source of classification or shelving scheme Dewey Decimal Classification
Item type English Books
Call number suffix KAR
Classification part 155.2
Holdings
Withdrawn status Lost status Not for loan Collection code Home library Current library Date acquired Source of acquisition Cost, normal purchase price Full call number Barcode Copy number Cost, replacement price Koha item type
    Not For Loan Non-fiction D.B.Act.Division Bawana 15/12/2018 DBAD/PUB 495.00 155.2 KAR EN-108075 1 495.00 English Books

© Delhi Public Library
Hit Counter
free hit counter